| 000 | 00770nam a2200229 a 4500 | ||
|---|---|---|---|
| 005 | 20160122204226.0 | ||
| 008 | 140313b2001 ck ||||| |||| 00| 0 spa d | ||
| 040 |
_aCO-BoIAVH _cCO-BoIAVH |
||
| 041 | _aspa | ||
| 044 | _ack | ||
| 082 | 4 |
_a338.456 _bC71p |
|
| 090 |
_aLB _b03747 |
||
| 110 | 2 |
_aColombia _bMinisterio de Comercio Exterior _915473 |
|
| 245 | 1 |
_aPolĂtica nacional para la productividad y competitividad _cEncuentro para la Productividad y la Competitividad 1999-2009 |
|
| 260 |
_aPereira _bMinisterio de Comercio Exterior _c2001 |
||
| 300 |
_a204 paginas. _bilustraciones.; _c28 x 21 cm |
||
| 650 | 4 |
_aCrecimiento y competividad _954127 |
|
| 650 | 4 |
_aTecnologia _954128 |
|
| 650 | 4 |
_aCadena productiva _954129 |
|
| 942 |
_cLIBRO _2ddc |
||
| 945 | _d2004-08-13 | ||
| 999 |
_c4047 _d4047 |
||